Statistics for Bounties Mugiwara One piece

Click here to take the quiz!

General Stats

  • This quiz has been taken 560 times
    (37 since last reset)
  • The average score is 4 of 10

Answer Stats

CharacterBounty% Correct
Luffy3 000 000 000
88%
Chopper1000
85%
Usopp500 000 000
59%
Jinbe1 100 000 000
44%
Robin930 000 000
32%
Zoro1 111 000 000
26%
Nami366 000 000
26%
Sanji1 032 000 000
21%
Franky394 000 000
21%
Brook383 000 000
18%

Score Distribution

Percentile by Number Answered

Percent of People with Each Score

Your Score History

You have not taken this quiz since the last reset